Muppet babies, be nice! / (Record no. 2079)

MARC details
000 -LEADER
fixed length control field 01244nam a2200349 a 4500
001 - CONTROL NUMBER
control field 2079
003 - CONTROL NUMBER IDENTIFIER
control field FISKH
005 - DATE AND TIME OF LATEST TRANSACTION
control field 20231106092803.0
008 - FIXED-LENGTH DATA ELEMENTS--GENERAL INFORMATION
fixed length control field 930202s1993 nyua j 000 1 eng
010 ## - LIBRARY OF CONGRESS CONTROL NUMBER
LC control number 92075987
020 ## - INTERNATIONAL STANDARD BOOK NUMBER
International Standard Book Number 0307301192
020 ## - INTERNATIONAL STANDARD BOOK NUMBER
International Standard Book Number 033500980503
040 ## - CATALOGING SOURCE
Original cataloging agency DLC
Transcribing agency DLC
Language of cataloging eng
042 ## - AUTHENTICATION CODE
Authentication code lcac
050 00 - LIBRARY OF CONGRESS CALL NUMBER
Classification number PZ7.W88784
Item number Mj 1993
082 00 - DEWEY DECIMAL CLASSIFICATION NUMBER
Edition number 20
100 1# - MAIN ENTRY--PERSONAL NAME
Personal name Worth, Bonnie.
245 10 - TITLE STATEMENT
Title Muppet babies, be nice! /
Statement of responsibility, etc. by Bonnie Worth ; illustrated by David Prebenna.
260 ## - PUBLICATION, DISTRIBUTION, ETC.
Place of publication, distribution, etc. New York :
Name of publisher, distributor, etc. Golden Book,
Date of publication, distribution, etc. 1993.
300 ## - PHYSICAL DESCRIPTION
Extent 24 unnumbered pages :
Other physical details color illustrations ;
Dimensions 15 cm
490 0# - SERIES STATEMENT
Series statement A first little golden book
505 ## - FORMATTED CONTENTS NOTE
Formatted contents note F<br/>
520 ## - SUMMARY, ETC.
Summary, etc. A Muppet babies story about how to be nice when you're playing outside. The story features Baby Kermit, Baby Piggy, Baby Fozzie, Baby Gonzo, Baby Rowlf, Baby Scooter and Baby Skeeter from the new 2018 Disney Jr. television series Muppet Babies.
521 8# - TARGET AUDIENCE NOTE
Target audience note 300<br/>
Source Lexile estimate<br/><br/>
521 8# - TARGET AUDIENCE NOTE
Target audience note F<br/>
Source Raz-Plus<br/>
650 #1 - SUBJECT ADDED ENTRY--TOPICAL TERM
Topical term or geographic name entry element Conduct of life
General subdivision Fiction.
650 #1 - SUBJECT ADDED ENTRY--TOPICAL TERM
Topical term or geographic name entry element Etiquette
General subdivision Fiction.
650 #1 - SUBJECT ADDED ENTRY--TOPICAL TERM
Topical term or geographic name entry element Puppets
General subdivision Fiction.
700 1# - ADDED ENTRY--PERSONAL NAME
Personal name Prebenna, David,
Relator term illustrator
906 ## - LOCAL DATA ELEMENT F, LDF (RLIN)
a 7
b cbc
c orignew
d 2
e opcn
f 19
g y-gencatlg
942 ## - ADDED ENTRY ELEMENTS (KOHA)
Source of classification or shelving scheme Dewey Decimal Classification
Koha item type Books
Suppress in OPAC No
Holdings
Withdrawn status Lost status Source of classification or shelving scheme Damaged status Not for loan Collection Home library Current library Shelving location Date acquired Total Checkouts Full call number Barcode Date last seen Date last checked out Price effective from Koha item type
    Dewey Decimal Classification     Juvenile Fiction Footprints International School Library Network Toul Kork Campus Footprints International School Library Network Toul Kork Campus TK Primary Library Room(4th Floor), Bookcase 7, Shelves 57-60, Dark Green Books 11/03/2023 1 WOR PZ7.W88784 FISBK07061 10/31/2024 10/31/2024 11/03/2023 Books